000 00248 a2200097 4500
001 33647
100 _aSharma,G. S.
245 _aEngineering mathematics ; designed for AMIE section A
260 _aNew Delhi
_bCBS Pub
_c2003
090 _c22378
_d22378
942 _aNUST-CAE
_cM
_c13756
999 _c268720
_d268720